Trust works: : four keys to bilding lasting relationships

Bibliographic Details
Other Authors: Lawrence, Martha, C, Olmstead, Cynthia
Format: Book
Published: New York, USa : William Morrow , 2013.
Subjects:

MARC

LEADER 00000cam a2200000 7i4500
001 0000004007
005 20131023.0
020 0 0 |a 9780062205988 
090 0 0 |a 658.314   |b KEN 2013 
245 1 0 |a Trust works: :   |b four keys to bilding lasting relationships   |c Ken Blanchard..[et.all]. 
260 0 0 |a New York, USa :   |b William Morrow ,   |c 2013. 
300 |a xv. 142 p. ;   |c 22 cm. 
650 0 0 |a Interpersonal relations 
700 0 1 |a Lawrence, Martha, C 
700 0 1 |a Olmstead, Cynthia 
998 |a JPSM 
999 |a 007822   |b Monograph   |c Open Shelf   |e Default branch